000 00465nam a2200169 a 4500
001 0418
005 20140414131917.0
008 040106s19uu xx 00 eng d
020 _a0-94853-515-6
050 _aER
_bL46 1993
100 _aKnights, Roger
245 _aLettermen in the garden (The) : weeds /
_cRoger Knights.
260 _aGreat Britain :
_bLettermen,
_c1993.
300 _ap. ; cm.
650 _aAlphabets
_xJuveline literature.
999 _c111548
_d111548